• 首页
  • 本馆介绍
  • 公告通知
  • 最新文献
  • 馆藏检索
  • 电子资源
  • 读者导购
  • 参考咨询
  • 我的图书馆
  • 登录
  • 详细信息显示
  • 放入我的书架
  • 预约/预借图书
  • 作者相关作品
  • 分类相关作品
  • 丛书相关作品
  • 出版社相关作品

书目信息

  • 表格格式
  • 工作单格式
  • 卡片格式
题名:
优质牛奶安全生产技术
    
 
作者: 张克春 , 孙卫东 主编
分册:  
出版信息: 北京   化学工业出版社  2018.01
页数: 289页
开本: 21cm
丛书名:
单 册:
中图分类: TS252.4 , TS252.2
科图分类:
主题词: 牛奶--食品加工--安全生产
电子资源:
ISBN: 978-7-122-31117-7
000 00955nam0 2200253 450
001 4618
005 20181015090057.04
010    @a978-7-122-31117-7@dCNY45.00
100    @a20180412d2018 em y0chiy50 ea
101 0  @achi
102    @aCN@b110000
105    @ay z 000yy
200 1  @a优质牛奶安全生产技术@9you zhi niu nai an quan sheng chan ji shu@f张克春,孙卫东主编
205    @a2版
210    @a北京@c化学工业出版社@d2018.01
215    @a289页@d21cm
330    @a本书详细论述了牛奶的品质和质量,优质牛奶生产技术,奶牛育种、奶牛营养和饲养管理、奶牛保健、奶牛福利与牛奶质量的关系,挤奶工艺与生奶储运,奶牛质量的监管等核心内容;同时书中还以全国知名牛奶生产企业为案例,介绍了他们生产优质牛奶的做法和经验。
606 0  @a牛奶@x食品加工@x安全生产
690    @aTS252.4@v5
690    @aTS252.2@v4
701  0 @a张克春@9zhang ke chun@4主编
701  0 @a孙卫东@9sun wei dong@4主编
801  0 @aCN@b91MARC@c20180412
905    @aMuseLib@dTS252.2@e294=2
    
    优质牛奶安全生产技术/张克春,孙卫东主编.-2版.-北京:化学工业出版社,2018.01
    289页;21cm
    
    
    ISBN 978-7-122-31117-7:CNY45.00
    本书详细论述了牛奶的品质和质量,优质牛奶生产技术,奶牛育种、奶牛营养和饲养管理、奶牛保健、奶牛福利与牛奶质量的关系,挤奶工艺与生奶储运,奶牛质量的监管等核心内容;同时书中还以全国知名牛奶生产企业为案例,介绍了他们生产优质牛奶的做法和经验。
●
相关链接 在E读中查询图书 在五车中查询图书 在当当中查询图书 在豆瓣中查询图书


正题名:优质牛奶安全生产技术     索取号:TS252.2/294=2         预约/预借

序号 登录号 条形码 馆藏地/架位号 状态 备注
1 1126001   211260017   第二样本阅览室/ [索取号:TS252.2/294=2] 在馆    
2 1126002   211260026   第三借阅区/ [索取号:TS252.2/294=2] 在馆    
3 1126003   211260035   第三借阅区/ [索取号:TS252.2/294=2] 在馆    
4 1126004   211260044   第三借阅区/ [索取号:TS252.2/294=2] 在馆    
5 1126005   211260053   密集书库-生命科学系/ [索取号:TS252.2/294=2] 在馆    
唐山师范学院图书馆 欢迎您!
大连网信软件有限公司© 版权所有